1678 1795 1947 1089 1127 1667 1096 1434 1879 1361 1716 1732 1344 1377 1879 1348 1629 1202 1866 1692 1161 1103 1529 1242 1816 1252 1756 1513 1916 1761 1909 1351 1252 1112 1845 1110 1163 1264 1751 1099 1110 1097 1335 1966 1500 1044 1836 1946 1949 1205 1862 1800 1529 1717 1571 1846 1167 1548 1554 1754 1240 1463 1194 1163 1466 1937 1684 1353 1800 1492 1885 1052 1282 1555 1114 1890 1107 1431 1761 1445 1964 1555 1117 1861 1977 1287 1691 1914 1942 1809 1779 1410 1050 1188 1436 1037 1014 1047 1500 BCNSPRNW ULIB Ver.6.0+V

เปลี่ยนเป็นภาษาไทย

Change to English
 แสดงรายละเอียดบรรณานุกรม
  กลับหน้าหลัก

Brief Record : Get Marc (ISO 2709) : E-mail record : QR code < ปิดหน้าต่าง
LEADER : 00000nam 2200000uu 4500
001    13399127504
003     ULIB
008    200722s2555||||th 000 0 tha d
020    ^a9786160005543 :^c250 บาท
050    ^aนว.^bส352บ
100  0 ^aสราญรมย์
245  1 ^aบ่วงอารมณ์ /^cสราญรมณย์
260    ^aกรุงเทพฯ :^bมายดรีม,^c2555
300    ^a415 หน้า
650    ^aนวนิยาย
945    ^p250^l0^i007106
999    ^aประนอม เกษจรัล
รายการนี้ยังไม่มีแท็ก
คุณยังไม่ได้ล็อกอิน คุณสามารถมีกิจกรรมร่วมกับเว็บไซต์ได้ แต่ต้องล็อกอินก่อน ::
  ล็อกอิน

รายการสื่อสารสนเทศ

ลำดับที่ ประเภท เลขเรียก/บาร์โค้ด สถานที่ สถานะ
1. นวนิยาย
นวนิยาย
นว. ส352บ ฉ.1 
  Barcode: 007106
ห้องสมุดวิทยาเขตสวรรค์ประชารักษ์
►หนังสือทั่วไป
บนชั้น

รายการใกล้เคียง
    หัวเรื่อง [นวนิยาย]

BibComment


ยังไม่เคยถูกคอมเมนท์

คอมเมนท์ทรัพยากรรายการนี้
  คอมเมนท์: บ่วงอารมณ์ สราญ..


 Copyright 2026. Bcnsprnw @Library